000 00527nam a2200181 4500
001 113534
003 DR-UNIBE
005 20250509112401.0
008 250502b2001 gt ||||| |||| 00| 0 spa d
040 _aBIBLIOTECA UNIBE
_cBIBLIOTECA UNIBE
_bspa
041 _aspa
082 _aF 5688
245 _aNormas éticas del organismo judicial
260 _aGuatemala :
_bUnidad de Modernización Organismo Judicial,
_c2001
300 _aPaginación varias
650 7 _2lemb
_aPoder judicial
_xNormas
_9195156
942 _2ddc
_cMX
999 _c113534
_d113534